000 00341nam a2200133Ia 4500
008 240624s9999 xx 000 0 und d
041 _aeng
082 _a658.8 SHA
100 _aSHAJAHAN S
245 _aAPPLIED CASE STUDIES IN MARKETING
260 _c2011
_aNew Delhi
_bPrimus Books
300 _axxxiv, : 558 : p. : cm. ; 27
365 _cRS
999 _c24242
_d24242